Catálogo del Museo Episcopal y Capitular de Huesca / (Record no. 188086)

MARC details
000 -LEADER
campo de control de longitud fija 00980nam a2200265 i 4500
001 - NÚMERO DE CONTROL
campo de control 188086
003 - IDENTIFICADOR DE NÚMERO DE CONTROL
campo de control SpMaBN
005 - FECHA Y HORA DE LA ÚLTIMA TRANSACCIÓN
campo de control 20250830023926.0
008 - DATOS DE LONGITUD FIJA--INFORMACIÓN GENERAL
campo de control de longitud fija 180426s1984 sp af c |||| | spa d
020 ## - NÚMERO INTERNACIONAL ESTÁNDAR DEL LIBRO
Número Internacional Estándar del Libro 84-7611-002-2
080 ## - NÚMERO DE LA CLASIFICACIÓN DECIMAL UNIVERSAL
Número de la Clasificación Decimal Universal 7:069.538.7(460.222 H.)
100 1# - ENTRADA PRINCIPAL--NOMBRE DE PERSONA
Nombre de persona Lacarra Ducay, María Carmen,
Fechas asociadas al nombre 1945-
9 (RLIN) 164701
245 10 - MENCIÓN DEL TÍTULO
Título Catálogo del Museo Episcopal y Capitular de Huesca /
Mención de responsabilidad, etc. M.ª Carmen Lacarra Ducay, Carmen Morte García.
260 ## - PUBLICACIÓN, DISTRIBUCIÓN, ETC.
Lugar de publicación, distribución, etc. Zaragoza :
Nombre del editor, distribuidor, etc. Guara,
Fecha de publicación, distribución, etc. [1984]
300 ## - DESCRIPCIÓN FÍSICA
Extensión 223 p., [8] p. de lám. col. :
Otras características físicas il. ;
Dimensiones 20 cm.
490 1# - MENCIÓN DE SERIE
Mención de serie Colección básica aragonesa ;
Designación de volumen o secuencia 44
500 ## - NOTA GENERAL
Nota general Índices.
504 ## - NOTA DE BIBLIOGRAFÍA, ETC.
Nota de bibliografía, etc. Referencias bibliográficas.
610 27 - PUNTO DE ACCESO ADICIONAL DE MATERIA--NOMBRE DE ENTIDAD CORPORATIVA
Nombre de entidad corporativa o nombre de jurisdicción como elemento de entrada Museo Episcopal y Capitular de Huesca-
Subdivisión de forma Catálogos.
9 (RLIN) 164703
700 1# - ENTRADA AGREGADA--NOMBRE PERSONAL
Nombre de persona Morte García, Carmen.
9 (RLIN) 150966
710 2# - ENTRADA AGREGADA--NOMBRE DE ENTIDAD CORPORATIVA
Nombre de entidad corporativa o nombre de jurisdicción como elemento de entrada Museo Episcopal y Capitular de Huesca
9 (RLIN) 192991
830 0# - PUNTO DE ACCESO ADICIONAL DE SERIE-TÍTULO UNIFORME
Título uniforme Colección básica aragonesa ;
Designación de volumen o secuencia 44
9 (RLIN) 180901
852 ## - LOCALIZACIÓN
Ubicación ES-MaACL
Número de control de estantería L-31977
Holdings
Estatus retirado Estado de pérdida Estado de daño No para préstamo Biblioteca de origen Biblioteca actual Ubicación en estantería Fecha de adquisición Fuente de adquisición Total de préstamos Signatura topográfica completa Código de barras Visto por última vez Precio de reemplazo Tipo de ítem Koha
        Biblioteca del Ateneo de Madrid Biblioteca del Ateneo de Madrid Depósito 2 26/04/2018     L-31977 1198780 23/02/2023 23/02/2023 Libro impreso